<?xml version="1.0" encoding="UTF-8"?><?xml-stylesheet type="text/xsl" href="static/style.xsl"?><OAI-PMH xmlns="http://www.openarchives.org/OAI/2.0/" xmlns:xsi="http://www.w3.org/2001/XMLSchema-instance" xsi:schemaLocation="http://www.openarchives.org/OAI/2.0/ http://www.openarchives.org/OAI/2.0/OAI-PMH.xsd"><responseDate>2026-04-17T06:01:14Z</responseDate><request verb="GetRecord" identifier="oai:www.recercat.cat:2117/341571" metadataPrefix="marc">https://recercat.cat/oai/request</request><GetRecord><record><header><identifier>oai:recercat.cat:2117/341571</identifier><datestamp>2025-07-22T20:55:04Z</datestamp><setSpec>com_2072_1033</setSpec><setSpec>col_2072_452951</setSpec></header><metadata><record xmlns="http://www.loc.gov/MARC21/slim" xmlns:dcterms="http://purl.org/dc/terms/" xmlns:xsi="http://www.w3.org/2001/XMLSchema-instance" xmlns:doc="http://www.lyncode.com/xoai" xsi:schemaLocation="http://www.loc.gov/MARC21/slim http://www.loc.gov/standards/marcxml/schema/MARC21slim.xsd">
   <leader>00925njm 22002777a 4500</leader>
   <datafield ind2=" " ind1=" " tag="042">
      <subfield code="a">dc</subfield>
   </datafield>
   <datafield ind2=" " ind1=" " tag="720">
      <subfield code="a">Companys Martínez, Mireia</subfield>
      <subfield code="e">author</subfield>
   </datafield>
   <datafield ind2=" " ind1=" " tag="260">
      <subfield code="c">2020-10-23</subfield>
   </datafield>
   <datafield ind2=" " ind1=" " tag="520">
      <subfield code="a">Aquest projecte recull el disseny d’un sistema mecànic que permet superar desnivells, com unes&#xd;
escales, incorporat al concepte de cotxet infantil convencional. S’han tingut en compte les&#xd;
característiques més desitjades per a aquest tipus de producte, afegint-hi la garantia de poder realitzar&#xd;
amb seguretat accions tan quotidianes com la pujada o baixada d’escalessense requerir ajuda externa,&#xd;
i el més important, sense posar en perill a l’infant.&#xd;
El procés fins a arribar al prototip final ha estat un procés iteratiu en el qual s’han descartat molts&#xd;
dissenys inicials, però que han estat necessaris per poder determinar els errors i recopilar les millores&#xd;
per incorporar-les a noves idees. Simultàniament s’han realitzat els càlculs mecànics i simulacions&#xd;
pertinents per obtenir uns resultats més fidels a la realitat.&#xd;
Amb la realització d’aquest treballs’ha volgut posar solució a una inconveniència amb la qual es troben&#xd;
milers de persones, oferint una solució que permet realitzar l’acció amb seguretat i sense&#xd;
sobreesforços.</subfield>
   </datafield>
   <datafield ind2=" " ind1=" " tag="520">
      <subfield code="a">Este proyecto recoge el diseño de un sistema mecánico que permite superar desniveles, como unas&#xd;
escaleras, incorporado al concepto de cochecito infantil convencional. Se han tenido en cuenta las&#xd;
características más deseadas para este tipo de producto, añadiendo la garantía de poder realizar con&#xd;
seguridad acciones tan cotidianas como la subida o bajada de escaleras sin requerir de ayuda externa,&#xd;
y el más importante, sin poner en peligro al niño.&#xd;
El proceso hasta llegar al prototipo final ha sido un proceso iterativo en el que se han descartado&#xd;
muchos diseños iniciales, pero que han sido necesarios para poder determinar los errores y recopilar&#xd;
las mejoras para incorporarlas a nuevas ideas. Simultáneamente se han realizado los cálculos&#xd;
mecánicos y simulaciones pertinentes para obtener unos resultados más fieles a la realidad.&#xd;
Con la realización de este trabajo se ha querido poner solución a una inconveniencia con la que se&#xd;
encuentran miles de personas, ofreciendo una solución que permite realizar la acción con seguridad y&#xd;
sin sobreesfuerzos.</subfield>
   </datafield>
   <datafield ind2=" " ind1=" " tag="520">
      <subfield code="a">This project includes the design of a mechanical system that allows overcoming unevenness, such as&#xd;
stairs, incorporated into the concept of a conventional baby stroller. The most desired characteristics&#xd;
for this type of product have been taken into account, adding the guarantee of being able to safely&#xd;
carry out everyday actions such as going up or down stairs without requiring external help, and the&#xd;
most important, without endangering the child.&#xd;
The process to reach the final prototype has been an iterative process in which many initial designs&#xd;
have been discarded, but that have been necessary to be able to determine the errors and compile the&#xd;
improvements to incorporate them into new ideas. Simultaneously, the mechanical calculations and&#xd;
simulations have been carried out to obtain results that are more faithful to reality.&#xd;
With the realisation of this project we have wanted to solve an inconvenience that thousands of people&#xd;
encounter, offering a solution that allows the action to be carried out safely and without over-effort.</subfield>
   </datafield>
   <datafield tag="653" ind2=" " ind1=" ">
      <subfield code="a">Àrees temàtiques de la UPC::Enginyeria mecànica</subfield>
   </datafield>
   <datafield tag="653" ind2=" " ind1=" ">
      <subfield code="a">Staircases</subfield>
   </datafield>
   <datafield tag="653" ind2=" " ind1=" ">
      <subfield code="a">Transport infantil</subfield>
   </datafield>
   <datafield tag="653" ind2=" " ind1=" ">
      <subfield code="a">Escales</subfield>
   </datafield>
   <datafield tag="653" ind2=" " ind1=" ">
      <subfield code="a">Mecanismes -- Disseny</subfield>
   </datafield>
   <datafield ind2="0" ind1="0" tag="245">
      <subfield code="a">Disseny d’un sistema mecànic per superar desnivells per a un cotxet infantil</subfield>
   </datafield>
</record></metadata></record></GetRecord></OAI-PMH>